Premios Nobel de Literatura en español - Estadísticas

Estadísticas generales
  • Esta prueba ha sido intentada 1.139 veces
  • La puntuación promedio es 5 de 11
Estadísticas de respuestas
Año Ganador % Correcto
1982 Gabriel García Márquez
73%
2010 Mario Vargas Llosa
67%
1989 Camilo José Cela
54%
1971 Pablo Neruda
50%
1956 Juan Ramón Jiménez
45%
1977 Vicente Aleixandre
39%
1945 Gabriela Mistral
31%
1922 Jacinto Benavente
29%
1904 José Echegaray
28%
1990 Octavio Paz
28%
1967 Miguel Ángel Asturias
20%
No se encontraron pruebas coincidentes
Distribución de puntuación
Porcentaje de gente con cada puntuación
Porcentaje por número respondido
Historial de tus puntuaciones
No has intentado esta prueba.